[Event "Est ch 2020 U16"]
[Site "Narva"]
[Date "2020.02.28"]
[Round "4.2"]
[White "Pedoson, Georg Aleksander"]
[Black "Krivenko, Dion"]
[Result "1-0"]
[WhiteElo "2160"]
[BlackElo "1935"]
[PlyCount "49"]
[EventDate "2020.02.27"]
[EventCountry "EST"]
[SourceVersionDate "2020.03.16"]

1. c4 e5 2. Nc3 Nc6 3. e3 Nf6 4. g4 {[%cal Rb2b3,Rc1b2,Rf1e2,Rh1g1,Rg4g5,Rb2g7,
Rg1g7,Rg1f3] Tavaliselt arendab valge alustuseks oda b2-le ning ka teisi
vigureid, kuid on ka piisavalt näiteid tugevate suurmeistrite esituses, kui
g2-g4 tehakse kohe. Nüüd oleneb ilmselt musta reaktsioonist, millise
plaaniga valge mängib - näiteks kas oda arendatakse g2-le või mitte.} h6 (
4... Bb4 5. g5 Bxc3 6. bxc3 Ng8 7. d4 Qxg5 8. d5 Nd8 9. d6 c6 10. Nf3 Qf5 11.
Rg1 Ne6 12. e4 Qxe4+ 13. Be3 Qf5 14. Ng5 Nf4 15. Bxf4 Qxf4 16. Rg4 Qf6 17. Ne4
Qh6 18. Qf3 Nf6 19. Rxg7 Qxg7 20. Nxf6+ Kd8 21. Qf5 Re8 22. Nxe8 Kxe8 23. c5 b5
24. Bd3 f6 25. Ke2 Kf7 26. Rh1 Rb8 27. Kf1 Qg6 28. Qf3 Qh6 29. Rg1 Ba6 30. Qg4
Rd8 31. Rg3 e4 32. Qxe4 Re8 33. Qg4 Bc8 34. Kg2 Qg5 35. Qf3 Qd5 36. Qxd5+ cxd5
37. Bxh7 Re5 38. f4 Re2+ 39. Kf1 Rxh2 40. Bg8+ Kf8 41. Bxd5 Rh8 42. Kf2 Ba6 43.
Ke3 Ke8 44. Kd4 Kd8 45. Rg7 Bc8 46. c6 dxc6 47. Bxc6 a5 48. Kc5 {1-0 (48)
Carlsen,M (2832)-Vachier Lagrave,M (2796) Leuven 2017}) (4... d6 5. h3 Be7 6.
Bg2 O-O 7. Nge2 Ne8 8. Ng3 g6 9. d4 Ng7 10. O-O f5 11. dxe5 fxg4 12. Bxc6 bxc6
13. hxg4 Be6 14. Qe2 Qd7 15. f3 h5 16. Bd2 hxg4 17. exd6 gxf3 18. Rxf3 Bg4 19.
Rxf8+ Rxf8 20. Qh2 Bxd6 21. Nce4 Rf3 22. Nxd6 Qxd6 23. Nf1 Qf6 24. Bc3 Qg5 25.
Qe5 Bf5+ 26. Kh1 Qh6+ 27. Kg1 Ne6 28. Re1 Qg5+ 29. Kh1 Qh4+ 30. Nh2 Be4 {
0-1 (30) Ivanisevic,I (2573)-Kunin,V (2574) Neustadt an der Weinstrasse 2018})
5. Bg2 Bc5 (5... d6 6. h3 g6 7. Nge2 Bg7 8. d4 O-O 9. O-O Re8 10. d5 Nb8 11. f4
exf4 12. exf4 c6 13. Ng3 cxd5 14. cxd5 Na6 15. g5 hxg5 16. fxg5 Nd7 17. Nge4
Nac5 18. Nxd6 Rf8 19. Nde4 b5 20. Be3 b4 21. Nxc5 bxc3 22. Nxd7 Bxd7 23. bxc3
Bxc3 24. Rc1 Qa5 25. h4 Rfe8 26. Bf2 Be5 27. Qf3 Bf5 28. h5 Qxa2 29. Rce1 Qd2
30. Rxe5 Rxe5 31. Qg3 Rae8 32. h6 Re4 33. d6 Rg4 34. Qh3 Kh7 35. Qh2 Qxg5 36.
Re1 Rxe1+ 37. Bxe1 Be4 38. d7 Rxg2+ {0-1 (38) Indjic,A (2620)-Karjakin,S (2753)
St Petersburg 2018}) (5... Bb4 6. h3 Bxc3 7. bxc3 e4 8. f3 Qe7 9. Qc2 exf3 10.
Nxf3 d6 11. d3 Ne5 12. Nxe5 dxe5 13. a4 Qe6 14. Ba3 e4 15. O-O Bd7 16. d4 Qxc4
17. Rxf6 gxf6 18. Qxe4+ Qe6 19. Qxb7 Rc8 20. Rf1 h5 21. g5 Rg8 22. h4 fxg5 23.
e4 gxh4 24. Rf5 Bc6 25. Qb4 Rxg2+ 26. Kf1 f6 27. d5 Qd6 28. Kxg2 Qxb4 29. Bxb4
Bxa4 30. Rxf6 c5 31. Ba5 Bc2 32. Kf3 h3 33. Rh6 h2 34. Re6+ Kd7 35. Kg2 Re8 36.
Rxe8 {1/2 (36) Xiong,J (2691)-Le,Q (2713) Philadelphia 2019}) 6. h3 d5 {
Huvitav idee. Kui valge on oma kuningatiiba nõrgestanud, siis vaevalt ta
sinnapoole vangerdab. Järelikult tuleks otsida võimalust anda vastulöök
tsentris.} 7. Nxd5 Nxd5 8. Bxd5 Nb4 9. Be4 O-O ({Arvuti pakkumine on} 9... Bd7
10. a3 Nd3+ 11. Bxd3 (11. Ke2 Bc6) 11... Bc6 {Valge olukord pole just
kadestamist vääriv.}) 10. a3 Nd3+ 11. Ke2 Nxc1+ ({Taas pakub arvuti välja
midagi erilist...} 11... Nf4+ 12. exf4 (12. Kf1 f5 13. gxf5 Bxe3 14. fxe3 Bxf5
{tapva rünnakuga}) 12... Qd4 13. f3 f5 14. gxf5 Bxf5 {tugeva rünnakuga.
Näitlik variant -} 15. Bxf5 Rxf5 16. b4 Re8 (16... Qxa1 17. bxc5 Re8 18. Qa4
c6 19. Kd1 exf4) 17. bxc5 Qxa1 (17... e4 18. Qb3 (18. Qa4 exf3+ 19. Kd1 Re4)
18... exf3+ 19. Kd1 f2 20. Nf3 Qxa1 21. Rf1 (21. Qb2 Qxb2 22. Bxb2 Rxf4 23. Nh2
Rfe4 24. Nf3 Rf8 25. Nh2 g5) 21... Rxf4 22. Rxf2 Qf6) 18. Qa4 c6 19. Kd1 exf4)
12. Rxc1 f5 13. gxf5 Bxf5 14. Qc2 Qd7 ({Tuli jätkata jõuliselt} 14... Bxe4
15. Qxe4 Rxf2+ 16. Kxf2 Qxd2+ 17. Ne2 (17. Kg3 Qxc1 18. Qd5+ Kh8 19. Qxc5 Qe1+
20. Kg2 Qd2+ 21. Kg3) 17... Rf8+ 18. Kg3 Qxe2 19. Rc2 Qxe3+ 20. Qxe3 Bxe3 {
kuigi üle viigi õige mängu korral pole.}) 15. Nf3 Bxe4 16. Qxe4 {Nüüd on
valge kuningas hästi kaitstud, vigurid valitsevad valgeid välju. Partii
lõpeb kiiresti.} Rae8 17. Rhg1 Rf7 18. Rg3 c6 19. Rcg1 Bf8 20. Nxe5 Qe6 21. f4
Bd6 22. Nxf7 Qxe4 23. Rxg7+ Kf8 24. Nxd6 Qxf4 25. Rg8+ 1-0

[Event "Est ch 2020 U16"]
[Site "Narva"]
[Date "2020.03.01"]
[Round "7.1"]
[White "Pedoson, Georg Aleksander"]
[Black "Olde, Karl Erik"]
[Result "1-0"]
[WhiteElo "2160"]
[BlackElo "1752"]
[PlyCount "121"]
[EventDate "2020.02.27"]
[EventCountry "EST"]
[SourceVersionDate "2020.03.16"]

1. d4 d5 2. c4 e6 3. Nc3 Nf6 4. Nf3 c6 5. e3 Nbd7 6. Bd3 Bd6 7. O-O O-O 8. e4
dxe4 (8... dxc4 9. Bxc4 e5) 9. Nxe4 Nxe4 10. Bxe4 Nf6 (10... h6 11. Bc2 e5) 11.
Bc2 c5 12. Bg5 cxd4 13. Qxd4 ({Kui} 13. Qd3 {siis} Re8 {ja paremuse annab} ({
Ei tohi} 13... g6 14. Qxd4 Be7 15. Qh4 Re8 16. Rad1 Nd7 17. Ba4) 14. Nxd4 {
Natuke analüüse... kõike ei pea kunagi muidugi puhta kullana võtma.. see
on üsna selge, et mida pikem variant, seda suurem võimalus, et kuskil on
ebatäpsusi.} (14. Rfe1 h6 15. Bxf6 Qxf6 16. Qh7+ Kf8 17. Rad1 Rd8 18. Nxd4 g6
19. Nb5 Ke7 20. Nxd6 Rxd6 21. Rxd6 Kxd6 22. Rd1+ Kc7 23. Qxh6 e5 24. Qf8 b6 25.
Ba4 Rb8 26. Be8 Bf5 27. Qxf7+ Qxf7 28. Bxf7 Kc6 29. f3 Rf8 30. Bd5+ Kc5 31. h4
Rd8 32. Re1 Kd4 33. Kf2 Rf8 34. Rd1+ Kc5 35. Ke3 Rd8 36. g4 Bc8 37. Rd2 b5 38.
Be4 Rh8 39. Rd5+ Kxc4 40. Rxe5 Rxh4 41. Bd3+ Kb4 42. Rxb5+ {1-0 (42) Shengelia,
D (2482)-Holzweber,M (2177) Austria 2004}) 14... h6 (14... Be5 15. Bxf6 Qxf6
16. Qxh7+ Kf8 17. Nb5 (17. Ba4 Rd8 18. Nf3 Bxb2 19. Rad1 g6 20. Qh6+ Kg8 21.
Rxd8+ Qxd8 22. Rd1 Qe7 23. Ng5 Bg7 24. Qh7+ Kf8 25. Qh4 Kg8 26. h3 e5 27. c5
Bf5 (27... Be6 28. Qh7+ Kf8 29. Nxe6+ Qxe6 30. Qh4 Kg8 31. Bb3 Qf5 32. Qe7) 28.
Bb3) 17... g6 18. Rad1 Rd8 19. Rxd8+ Qxd8 20. Rd1 Qf6 21. b3 Ke7 22. Qg8 Qh8
23. Qxh8 Bxh8 24. Nd6 f5 25. c5 Bc3 26. a3 Bb2 27. Nc4 Bf6 28. b4 Bd7 29. f4
Rc8 30. Bb3 Rc7 31. Kf2 g5 32. fxg5 Bxg5 33. Re1 Bf6 34. Ne5 Bxe5 35. Rxe5 Kf6
36. Re2 f4 37. g3 fxg3+ 38. Kxg3 Bc8 39. h4 Rg7+ 40. Kf3 e5 41. Rh2 Bg4+ 42.
Ke3 Bf5 43. Rf2 e4 44. Bd5 Ke5 45. Rxf5+ Kxf5 46. Bxe4+ Ke5 47. h5 Rg3+ 48. Bf3
a6 {1/2 (48) Sliwa,B-Hort,V Tel Aviv 1964}) 15. Bxf6 Qxf6 16. Qh7+ Kf8 17. Rad1
g6 18. Ba4 Rd8 19. Nb5 Be7 20. Qxh6+ Kg8 21. Nc7 Rb8) 13... Be7 14. Qc3 ({
See nüüd küll andekas käik polnud. Elementaarne} 14. Qh4 h6 15. Bxh6 {
[#] võidab kohe.} gxh6 16. Qxh6 {[%cal Rf3g5,Ra1d1,Rd1d3,Rd3g3,Ra1e1,Re1e5,
Re5g5]} Bd6 (16... Qa5 17. Ng5 e5 18. Bh7+ Kh8 19. Be4+ Kg8 20. Rae1 Bg4 21.
Re3 Rad8 22. Rg3 Rd4 23. Ne6 {1-0 (23) Geller,E-Papapavlou,P Amsterdam 1954})
17. Rad1 e5 18. c5 {1-0 (18) Jaffe,C-Baird,D New York 1911}) 14... b6 15. Ne5
Bb7 16. Qh3 Ne4 17. Bf4 (17. Bxe4 Bxe4 18. Rad1 Qc7 19. Bxe7 Qxe7 20. Qe3 Bg6
21. Rd7) 17... Bg5 (17... Qd4) 18. Bxe4 Bxe4 19. Qe3 Bxf4 20. Qxf4 Bg6 21. Rfd1
Qc8 ({Parem oli} 21... Qf6 {sest midagi ei anna} 22. Qxf6 gxf6 23. Nd7 Rfc8)
22. h3 Rd8 23. Rxd8+ Qxd8 24. Qf3 Rc8 25. Rd1 Qe8 ({Visam oli} 25... Qc7 26.
Qe3 Rd8 27. Rxd8+ Qxd8 28. b4 Qd1+ 29. Kh2 Bb1 30. c5 f6) 26. Qb7 Rd8 27. Rxd8
Qxd8 28. Qxa7 f6 29. Nxg6 hxg6 30. g3 Qd1+ 31. Kg2 Qd4 32. b3 f5 33. Qb8+ Kh7
34. Qf4 Qd3 35. Qe5 Qd7 36. h4 Qc6+ 37. Kg1 Kh6 38. a4 Kh7 {Musti võib
päästa vaid ime..} 39. Qd4 Qc7 40. b4 e5 41. Qd5 f4 42. Kg2 Qc8 ({Ja see oli
võimalik... Variantides} 42... fxg3 43. fxg3 Qa7 44. Qc6 {[#]} (44. Qb5 Qb7+
45. Kf2 Qe4) 44... b5 $3 45. cxb5 (45. Qxb5 Qe3 46. Qd5 Qe2+ 47. Kh3 e4) 45...
Qxa4 {võib must pääseda.}) 43. Qe4 Kh6 44. a5 bxa5 45. bxa5 fxg3 46. fxg3
Qe6 47. Qd5 ({Ilus võidutee oli} 47. g4 Qa6 (47... Qe7 48. g5+ Kh7 49. a6) 48.
g5+ Kh7 49. h5 ({ent mitte} 49. Qd5 Qc8) 49... Qxa5 50. hxg6+ ({samuti laseb
saagi käest} 50. Qxg6+ Kh8) 50... Kg8 51. Kg3 Kf8 52. Kg4) 47... Qf5 48. a6 ({
Märksa täpsem oli} 48. Qd2+ Kh7 49. a6 Qe4+ 50. Kh2 Qxc4 51. a7 Qa4) ({või} 
48. c5 Qc2+ 49. Kf3 Qc3+ 50. Ke2 Qxa5 (50... Qxg3 51. c6) 51. Qd2+) 48... Qc2+
49. Kh3 Qf5+ 50. Kh2 Qf2+ ({Päeva päästis} 50... Qc2+ 51. Qg2 Qa4 {ja
valgel on veel vara hõisata} (51... Qxc4 52. a7)) 51. Qg2 {Aga nüüd on lugu
läbi.} Qb6 52. Qa2 Qa7 53. c5 e4 54. c6 e3 55. c7 e2 56. c8=Q Qf2+ 57. Kh3
Qf1+ 58. Kg4 Qf5+ 59. Qxf5 gxf5+ 60. Kxf5 e1=Q 61. Qe6+ 1-0

[Event "Est ch 2020 G16"]
[Site "Narva"]
[Date "2020.02.27"]
[Round "1.1"]
[White "Rubina, Mari"]
[Black "Blohhin, Sofia"]
[Result "0-1"]
[WhiteElo "1292"]
[BlackElo "1824"]
[PlyCount "74"]
[EventDate "2020.02.27"]
[EventCountry "EST"]
[SourceVersionDate "2020.03.19"]

1. d4 d5 2. Bf4 e6 3. e3 Nf6 4. Nf3 Be7 5. c3 b6 6. Bd3 Bb7 7. Nbd2 Nbd7 8. O-O
c5 9. Ne5 O-O 10. h3 Ne4 11. Bh2 Ndf6 12. f3 Nd6 13. f4 Nf5 14. Bxf5 exf5 15.
Ndf3 Ne4 16. Nd3 f6 17. Qe1 Ba6 18. Rd1 Re8 19. Kh1 Bf8 20. Bg1 cxd4 21. cxd4
Rc8 22. Nh2 Rc2 23. Rf3 Qe7 24. a3 Bc4 25. Nf1 a5 26. Ng3 Qd7 27. Nc1 Rxb2 28.
Nxe4 fxe4 29. Rf2 Rxf2 30. Bxf2 Bxa3 31. Qc3 Qa4 32. Rg1 Bb4 33. Qb2 Qa3 34.
Qxa3 Bxa3 35. Rd1 b5 36. Be1 b4 37. Kg1 a4 0-1

[Event "Est ch 2020 G16"]
[Site "Narva"]
[Date "2020.02.27"]
[Round "1.2"]
[White "Rudnik, Viktoria"]
[Black "Poluektova, Arina"]
[Result "1-0"]
[WhiteElo "1456"]
[BlackElo "1224"]
[PlyCount "147"]
[EventDate "2020.02.27"]
[EventCountry "EST"]
[SourceVersionDate "2020.03.19"]

1. d4 d5 2. Bf4 c6 3. e3 e6 4. c3 c5 5. Bd3 Nc6 6. Nd2 cxd4 7. exd4 Bd6 8. Bxd6
Qxd6 9. Ngf3 Nf6 10. O-O O-O 11. Re1 Nd7 12. Qc2 g6 13. Re3 e5 14. dxe5 Ndxe5
15. Nxe5 Nxe5 16. Rae1 Ng4 17. Rg3 h5 {See nõrgestus võinuks kalliks maksma
minna} 18. h3 Ne5 19. Rge3 {Kõik oli valmis musta kuningaseisu purustamiseks.}
(19. Rxe5 $3 Qxe5 20. Bxg6 $1 Kh8 (20... Qe1+ 21. Kh2) (20... h4 21. Bxf7+ $1
Kxf7 22. Qh7+ Ke6 23. Re3) 21. Nf3 Qf6 (21... Qg7 22. Bxf7 Qxf7 23. Ne5 Qf5 24.
Ng6+ Kg7 25. Ne7+) 22. Qd2) 19... Nxd3 20. Qxd3 Bf5 21. Qd4 a6 22. Ne4 Bxe4 23.
Rxe4 Rad8 24. Re5 Rd7 25. Re8 Rd8 26. Rxf8+ Rxf8 27. Rd1 Re8 28. Kf1 Qe5 29.
Qxe5 Rxe5 30. Rd4 g5 31. a4 Kf8 32. Rb4 Re7 33. g3 Ke8 34. Rb6 g4 35. hxg4 hxg4
36. Rb4 f5 37. Rb6 Rd7 38. Rf6 Rf7 {Etturilõppmäng on mustale kaotatud.} (
38... d4) 39. Rxf7 Kxf7 40. Ke2 ({Võidutee oli õpetlik} 40. a5 $1 Ke6 41. Ke2
Kd6 42. Ke3 Ke5 43. f4+ {Tähtis vahetuli.} (43. Kd3 f4 44. b3 Kf5 45. Kd4 fxg3
46. fxg3 Ke6 47. Kc5 Ke5 48. Kb6 Ke4 49. Kxb7 Kd3 50. b4 Kxc3 51. b5 d4 52.
bxa6 d3 53. a7 d2 54. a8=Q d1=Q 55. Qh8+) ({Võib ka kaotada -} 43. b4 $2 f4+
44. gxf4+ $4 ({viigi teeb} 44. Kd3 fxg3 45. fxg3 Ke6) 44... Kf5 45. Kd3 Kxf4
46. Ke2 Ke4 47. Kd2 d4 48. c4 d3 49. b5 Kd4 50. bxa6 bxa6 51. c5 Kxc5 52. Kxd3
Kb5 53. Ke4 Kxa5 54. Kf4 Kb4 55. Kxg4 a5 56. f4 a4 57. f5 {ja nüüd
tüüpiline võte - kuninga meelitamine väljale, kus ta jääb lipustuva
etturi tule alla.} Kc5 58. Kg5 a3 59. f6 Kd6 60. Kg6 a2 61. f7 Ke7 62. Kg7
a1=Q+) (43. b3 f4+ 44. gxf4+ (44. Kd3 Kf5 45. Kd4 fxg3 46. fxg3 Ke6 47. Kc5 Ke5
48. Kb6 Ke4 49. Kxb7 Kd3 50. b4 Kxc3 51. b5 d4 52. bxa6 d3 53. a7 d2 54. a8=Q
d1=Q) 44... Kf5 45. b4 Kf6 46. Kd4 Kf5 47. Kc5 Kxf4 48. Kb6 Kf3 49. Kxb7 Kxf2
50. b5 axb5 51. a6 g3 52. a7 g2 53. a8=Q g1=Q) 43... gxf3 44. Kxf3 Ke6 45. Ke3
Kd6 46. Kd4 Ke6 (46... Kc6 47. Ke5) 47. b3 Kd6 48. b4 Ke6 49. Kc5 Ke5 50. Kb6
Ke4 51. Kxb7 Kd3 52. b5) 40... Ke6 ({Viigi tagasid} 40... a5) ({ja} 40... b6)
41. a5 Ke5 ({Kavalam oli} 41... Kd6 {mis viib eelmises märkuses mainitud
variantidele.}) 42. Ke3 Ke6 ({siin oli lõks} 42... f4+ 43. gxf4+ ({Võitis ka
} 43. Kd3 f3 {kuid siin tuleb kasutusele uus plaan -} 44. c4 $3 ({ei võida} 
44. Ke3 Kf5 45. Kd4 Ke6 46. Kc5 Ke5 47. Kb6 Ke4 48. Kxb7 Kd3 49. b4 Ke2 50. b5
Kxf2 51. bxa6 Kxg3 52. a7 f2 53. a8=Q f1=Q) 44... dxc4+ 45. Kxc4 Ke4 (45... Kd6
46. Kd4 Kc6 47. Ke4 Kb5 48. Kf4 Kxa5 49. Kxg4 Kb4 50. Kf5 (50. Kxf3)) 46. Kc3
Ke5 47. Kd3 Kd5 48. Ke3 Ke5 49. b3) 43... Kf5 {ja nüüd võidab ainult} 44. b3
$3 Kf6 45. c4 $1 dxc4 46. bxc4 Kf5 47. c5) 43. Kd4 Kd6 44. b4 {Edasine on
lihtne} Ke6 45. Kc5 Ke5 46. Kb6 f4 47. Kxb7 Ke4 48. Kxa6 Kf3 49. gxf4 Kxf2 50.
f5 g3 51. f6 g2 52. f7 g1=Q 53. f8=Q+ Ke2 54. Qe7+ Kd3 55. Kb7 Qg2 56. Kb6 Qg6+
57. Kb5 Kxc3 58. Qc5+ Kb2 59. Qxd5 Qe8+ 60. Qc6 Qe5+ 61. Ka4 Qe3 62. a6 Qb3+
63. Kb5 Qd3+ 64. Kb6 Qd4+ 65. Qc5 Qd8+ 66. Kb5 Qd7+ 67. Kc4 Qe6+ 68. Kb5 Qd7+
69. Ka5 Qd8+ 70. Ka4 Qd7+ 71. b5 Qd1+ 72. Ka5 Kb3 73. Qb4+ Kc2 74. Qa4+ 1-0

[Event "Est ch 2020 G16"]
[Site "Narva"]
[Date "2020.02.27"]
[Round "1.3"]
[White "Rogaten, Varvara"]
[Black "Smirnova, Jekaterina"]
[Result "0-1"]
[WhiteElo "1439"]
[BlackElo "1439"]
[PlyCount "148"]
[EventDate "2020.02.27"]
[EventCountry "EST"]
[SourceVersionDate "2020.03.19"]

1. e4 c5 2. c3 Nc6 3. d4 cxd4 4. cxd4 d5 5. e5 e6 6. Nf3 Bb4+ 7. Nc3 Nge7 8.
Be2 Qa5 9. Bd2 Qd8 10. O-O Nf5 11. Bc1 Be7 12. a3 a6 13. b4 b5 14. Bb2 O-O 15.
Qd2 Qb6 16. Nd1 a5 17. bxa5 Nxa5 18. Qc2 Nc4 19. Qb3 Qa5 20. Nc3 Bd7 21. Ra2
Nh4 22. Rd1 Nxf3+ 23. Bxf3 f6 24. Be2 (24. Nxd5 exd5 25. Bxd5+ Kh8 26. e6 Be8
27. Bxa8 Qxa8 28. d5) 24... fxe5 25. dxe5 Bc6 26. Bxc4 bxc4 27. Qc2 Bc5 28. Rf1
Ba4 (28... Rxf2 29. Rxf2 Rf8 30. Nd1 Qe1#) 29. Qe2 Bb3 30. Raa1 Qb6 31. Bc1 Ra7
32. Rb1 Qc6 33. Kh1 Bxa3 34. Ra1 Bc5 35. Rxa7 Bxa7 36. Ba3 Bc5 37. Bxc5 Qxc5
38. Qg4 Qc6 39. f3 Bc2 40. Qd4 Bd3 41. Re1 Rb8 42. h3 Qb6 43. Qf4 Qf2 44. Rg1
Qc5 45. Qg4 Bf5 46. Qf4 Rf8 47. Qc1 Bd3 48. Rd1 Ra8 49. Rd2 Qa3 50. Rb2 Qa1 51.
Nb1 Bxb1 52. Rxb1 Qxe5 53. Qc2 Ra1 54. Rxa1 Qxa1+ 55. Kh2 Qe5+ 56. Kg1 Qc7 57.
Qc3 e5 58. Qc2 d4 59. Qd2 Qc5 60. Qc2 h6 61. Qg6 Qe7 62. Qc2 Qe6 63. Qe4 Qd6
64. Qa8+ Kf7 65. Qb7+ Kf6 66. Qe4 d3 67. Qxc4 d2 68. Qh4+ Kf7 69. Qc4+ Ke7 70.
Qh4+ g5 71. Qc4 d1=Q+ 72. Kh2 e4+ 73. g3 Q6d2+ 74. Qe2 Q2xe2# 0-1

[Event "Est ch 2020 G16"]
[Site "Narva"]
[Date "2020.02.27"]
[Round "1.4"]
[White "Barkasheva, Sofia"]
[Black "Timofejeva, Juliana"]
[Result "1-0"]
[WhiteElo "1422"]
[BlackElo "1270"]
[PlyCount "77"]
[EventDate "2020.02.27"]
[EventCountry "EST"]
[SourceVersionDate "2020.03.19"]

1. e4 e5 2. Nf3 Nc6 3. Bb5 d6 4. O-O Bd7 5. c3 a6 6. Ba4 Nf6 7. Re1 Be7 8. h3
O-O 9. d3 h6 10. Nbd2 Re8 11. Nf1 Na5 12. Bxd7 Qxd7 13. Ng3 Nc6 14. Nf5 Kh7 15.
Be3 d5 16. Nxe7 Nxe7 17. Nxe5 Qe6 18. Bf4 dxe4 19. dxe4 Nc6 20. Nxc6 Qxc6 21.
Qc2 Nxe4 22. f3 Qc5+ 23. Be3 Qf5 24. fxe4 Qxe4 25. Qxe4+ Rxe4 26. Rad1 Rae8 27.
Kf2 R8e6 28. Rd7 Rf6+ 29. Ke2 Rfe6 30. Kd2 Rd6+ 31. Rxd6 cxd6 32. Bd4 Rxe1 33.
Kxe1 Kg6 34. Ke2 f6 35. Ke3 Kf5 36. Kf3 Kg5 37. Ke4 Kh4 38. Bf2+ Kg5 39. Kd5
1-0

[Event "Est ch 2020 G16"]
[Site "Narva"]
[Date "2020.02.27"]
[Round "1.5"]
[White "Grigorjeva, Vera"]
[Black "Levchenko, Marina"]
[Result "0-1"]
[WhiteElo "1000"]
[BlackElo "1360"]
[PlyCount "54"]
[EventDate "2020.02.27"]
[EventCountry "EST"]
[SourceVersionDate "2020.03.19"]

1. e4 c5 2. Nf3 d6 3. d3 Nc6 4. Be2 Nf6 5. O-O e6 6. Nc3 Be7 7. Be3 O-O 8. d4
cxd4 9. Nxd4 a6 10. Nf3 b5 11. a3 Bb7 12. Bd3 Qc7 13. Bf4 Rfd8 14. Ne2 Rac8 15.
b3 Qd7 16. c4 bxc4 17. bxc4 Na5 18. Qc1 Nb3 19. Qc2 Nxa1 20. Rxa1 d5 21. e5 Ne4
22. Qb3 Nc5 23. Qb1 Nxd3 24. Qxd3 dxc4 25. Qc3 Bxf3 26. Qxf3 Qd1+ 27. Rxd1
Rxd1# 0-1

[Event "Est ch 2020 G16"]
[Site "Narva"]
[Date "2020.02.27"]
[Round "1.6"]
[White "Hannus, Lola"]
[Black "Nikitina, Anastasia"]
[Result "1-0"]
[WhiteElo "1295"]
[BlackElo "1000"]
[PlyCount "22"]
[EventDate "2020.02.27"]
[EventCountry "EST"]
[SourceVersionDate "2020.03.19"]

1. e4 e5 2. Nf3 Nc6 3. Bc4 Bc5 4. Nc3 Nf6 5. O-O O-O 6. d3 d6 7. Bb5 a6 8. Ba4
Bb4 9. Nd5 b5 10. Bb3 Nd4 11. a3 Ba5 {Loetamatu.} 1-0

[Event "Est ch 2020 G16"]
[Site "Narva"]
[Date "2020.02.27"]
[Round "2.1"]
[White "Blohhin, Sofia"]
[Black "Barkasheva, Sofia"]
[Result "0-1"]
[WhiteElo "1824"]
[BlackElo "1422"]
[PlyCount "72"]
[EventDate "2020.02.27"]
[EventCountry "EST"]
[SourceVersionDate "2020.03.19"]

{Tegemist oli turniiri võitjat otsustava partiiga... 2.voorus ehk seda veel
oli raske tajuda.} 1. e4 c5 2. Nf3 e6 3. d4 cxd4 4. Nxd4 a6 5. c4 Nf6 6. Nc3
Bb4 7. f3 {Seda käiku ei peeta kuigi heaks.} Qc7 8. Be3 O-O 9. g4 {Ja kuhu
valge kuningas kavatseb varjuda?} (9. Rc1 d5) 9... d5 10. g5 Nfd7 11. exd5 exd5
12. Qb3 Re8 13. Qxb4 Rxe3+ 14. Be2 ({Mängima pidi} 14. Kf2) 14... Qf4 15. Nc2
(15. Rd1 Nc6 16. Nxc6 bxc6 {[%cal Rf4f3,Rd7e5,Ra8b8] ja valgel on väga paha}
17. Qa5 Qh4+ 18. Kd2 d4 19. Ne4 Qf4) 15... Nc6 16. Qa3 Re5 17. Nxd5 Qxc4 18.
Nce3 Qh4+ 19. Kd2 Qd4+ 20. Bd3 {See on täiesti lootusetu.} (20. Qd3 Qxb2+ 21.
Qc2 Qa3) 20... Rxd5 21. Nxd5 Qxd5 22. Rae1 Qxg5+ 23. Kc2 Nd4+ 24. Kb1 Nf6 25.
Rhg1 Qd5 26. Qe7 Bf5 27. Be4 Nxf3 28. Ka1 Nxe4 29. Rd1 Nd4 30. h4 Nc2+ 31. Kb1
Nd2+ 32. Kc1 Rc8 33. Rxg7+ Kxg7 34. Rg1+ Bg6 35. b3 Ne3+ 36. Kb2 Rc2+ 0-1

[Event "Est ch 2020 G16"]
[Site "Narva"]
[Date "2020.02.27"]
[Round "2.2"]
[White "Levchenko, Marina"]
[Black "Rudnik, Viktoria"]
[Result "1-0"]
[WhiteElo "1360"]
[BlackElo "1456"]
[PlyCount "37"]
[EventDate "2020.02.27"]
[EventCountry "EST"]
[SourceVersionDate "2020.03.19"]

1. c4 c5 2. Nf3 Nc6 3. Nc3 g6 4. d4 cxd4 5. Nxd4 Bg7 6. e3 e6 7. Ndb5 Nf6 8.
Qd6 Qe7 9. Nc7+ Kd8 10. Qxe7+ Nxe7 11. Nxa8 d5 12. cxd5 Nexd5 13. Nxd5 Nxd5 14.
a3 Bd7 15. e4 Nf6 16. f3 Bc6 17. Be3 Kd7 18. Rd1+ Kc8 19. Bxa7 1-0

[Event "Est ch 2020 G16"]
[Site "Narva"]
[Date "2020.02.27"]
[Round "2.3"]
[White "Smirnova, Jekaterina"]
[Black "Hannus, Lola"]
[Result "1-0"]
[WhiteElo "1439"]
[BlackElo "1295"]
[PlyCount "111"]
[EventDate "2020.02.27"]
[EventCountry "EST"]
[SourceVersionDate "2020.03.19"]

1. c4 Nf6 2. Nc3 e6 3. e4 b6 4. d3 Bb4 5. Bg5 h6 6. Bf4 O-O 7. Nf3 Nc6 8. a3
Bxc3+ 9. bxc3 d5 10. cxd5 exd5 11. e5 Re8 12. d4 Ne4 13. Qc2 f6 14. Bb5 Bd7 15.
Bxc6 Bxc6 16. O-O Qd7 17. exf6 Nxf6 18. Ne5 Qd6 19. Qg6 Rf8 20. Bxh6 Ne8 21.
Qxd6 Nxd6 22. Nxc6 gxh6 23. Ne7+ Kg7 24. Nxd5 c5 25. Nc7 Rae8 26. Nxe8+ Rxe8
27. Rfe1 Rc8 28. Re7+ Kf6 29. Rxa7 cxd4 30. cxd4 Nb5 31. Rb7 Nxa3 32. Rxb6+ Kg5
33. g3 Nc4 34. Rb5+ Kg4 35. Kg2 Ne3+ 36. fxe3 Rc2+ 37. Kg1 Kf3 38. Rf5+ Kxe3
39. Re1+ Kxd4 40. Rf2 Rc3 41. Re6 Rc1+ 42. Kg2 Kd3 43. Rxh6 Ke3 44. h4 Rc4 45.
Rf3+ Kd2 46. Rf4 Rc1 47. h5 Ke3 48. Rf3+ Ke4 49. Rh8 Kd5 50. h6 Ke5 51. h7 Kd5
52. Rd8+ Ke4 53. h8=Q Rg1+ 54. Kh3 Rh1+ 55. Kg4 Rd1 56. Qe8# 1-0

[Event "Est ch 2020 G16"]
[Site "Narva"]
[Date "2020.02.27"]
[Round "2.4"]
[White "Timofejeva, Juliana"]
[Black "Rubina, Mari"]
[Result "0-1"]
[WhiteElo "1270"]
[BlackElo "1292"]
[PlyCount "96"]
[EventDate "2020.02.27"]
[EventCountry "EST"]
[SourceVersionDate "2020.03.19"]

1. e4 d5 2. exd5 Nf6 3. Nf3 Bg4 4. h3 Bf5 5. Nc3 Nxd5 6. Nxd5 Qxd5 7. Be2 Nc6
8. O-O e6 9. a3 Rd8 10. b3 Bc5 11. Bb2 O-O 12. Bc4 Qd6 13. Re1 Rfe8 14. d3 h6
15. Nh4 Qg3 16. Nxf5 Qxf2+ 17. Kh1 Qxf5 18. Qg4 Qxg4 19. hxg4 a6 20. a4 Na5 21.
Ba3 Bd4 22. Rab1 Nxc4 23. bxc4 Rb8 24. Re4 Red8 25. Bb2 Ba7 26. Be5 Rdc8 27.
Bd4 b6 28. Rf1 c5 29. Be5 Rb7 30. d4 cxd4 31. Rxd4 b5 32. Rd6 Rxc4 33. Rxa6
bxa4 34. c3 Rxg4 35. Ra1 Rh4+ 36. Bh2 Bb8 37. R6xa4 Rxh2+ 38. Kg1 Rb2 39. R4a2
Rhxg2+ 40. Kf1 Rxa2 41. Rxa2 Rxa2 42. c4 Bd6 43. c5 Bxc5 44. Ke1 h5 45. Kf1 h4
46. Ke1 h3 47. Kf1 h2 48. Ke1 h1=Q# 0-1

[Event "Est ch 2020 G16"]
[Site "Narva"]
[Date "2020.02.27"]
[Round "2.5"]
[White "Poluektova, Arina"]
[Black "Grigorjeva, Vera"]
[Result "1-0"]
[WhiteElo "1224"]
[BlackElo "1000"]
[PlyCount "139"]
[EventDate "2020.02.27"]
[EventCountry "EST"]
[SourceVersionDate "2020.03.19"]

1. e4 e5 2. Nf3 Nc6 3. c3 Nf6 4. d4 exd4 5. e5 Nd5 6. cxd4 Bb4+ 7. Bd2 Qe7 8.
Be2 d6 9. exd6 cxd6 10. a3 Ba5 11. Bxa5 Nxa5 12. Nc3 Nf6 13. O-O d5 14. Re1 O-O
15. b4 Nc6 16. Qb3 Be6 17. Rad1 Rad8 18. Ng5 Bf5 19. Nf3 Qe6 20. Bd3 Qd7 21.
Bxf5 Qxf5 22. Ne5 Rfe8 23. Qb1 Qf4 24. Nxc6 bxc6 25. Rxe8+ Rxe8 26. g3 Qf3 27.
Rd3 Qf5 28. Re3 Qd7 29. Rxe8+ Qxe8 30. b5 cxb5 31. Qxb5 Qe1+ 32. Kg2 Kh8 33.
Qc6 g6 34. Qxf6+ Kg8 35. Nxd5 Qe4+ 36. Qf3 Qxd4 37. Nf6+ Kg7 38. Nd5 Qe5 39.
Ne3 Qc5 40. a4 a5 41. Qd5 Qb4 42. Qb5 Qc3 43. Nc4 Qd3 44. Nxa5 Qe4+ 45. Kg1
Qe1+ 46. Kg2 Qe4+ 47. f3 Qc2+ 48. Kg1 Qd1+ 49. Kg2 Qc2+ 50. Kh3 Qc8+ 51. g4 h5
52. Qc4 Qd7 53. Nb3 Qe8 54. a5 Qh8 55. Qd4+ Kg8 56. Qxh8+ Kxh8 57. gxh5 gxh5
58. a6 Kg7 59. a7 Kg6 60. a8=Q f5 61. f4 Kf6 62. Qc6+ Ke7 63. Qd5 Kf6 64. Qe5+
Kg6 65. Nd4 Kf7 66. Qe6+ Kg7 67. Qxf5 Kh6 68. Qg5+ Kh7 69. Nf5 Kh8 70. Qg7# 1-0